काळगती (Record no. 26404)

MARC details
000 -LEADER
fixed length control field 00529nam a2200169Ia 4500
008 - FIXED-LENGTH DATA ELEMENTS--GENERAL INFORMATION
fixed length control field 090122s9999 xx 000 0 und d
082 ## - DEWEY DECIMAL CLASSIFICATION NUMBER
Item number 2326
Classification number 891.463
100 ## - MAIN ENTRY--PERSONAL NAME
Personal name साळगावकर
Numeration विनायक
Titles and other words associated with a name
245 ## - TITLE STATEMENT
Title काळगती
260 ## - PUBLICATION, DISTRIBUTION, ETC. (IMPRINT)
Name of publisher, distributor, etc ब्रह्मानंद मुकुंद नाडकर्णी
Date of publication, distribution, etc 1937
300 ## - PHYSICAL DESCRIPTION
Extent 384
600 ## - SUBJECT ADDED ENTRY--PERSONAL NAME
Personal name साळगावकर
630 ## - SUBJECT ADDED ENTRY--UNIFORM TITLE
Uniform title काळगती
700 ## - ADDED ENTRY--PERSONAL NAME
Personal name साळगावकर
730 ## - ADDED ENTRY--UNIFORM TITLE
Uniform title काळगती
942 ## - ADDED ENTRY ELEMENTS (KOHA)
Koha item type Book
Holdings
Withdrawn status Lost status Damaged status Not for loan Home library Current library Date acquired Cost, normal purchase price Total Checkouts Full call number Barcode Date last seen Copy number Cost, replacement price Price effective from Koha item type
        Dombivali Granthasangrahalaya, Dombivali Dombivali Granthasangrahalaya, Dombivali 01/22/2009 7.50   2326 DOM-2326 01/22/2009 1 7.50 01/22/2009 Book